000 00728nam a22002297a 4500
003 OSt
005 20260530115317.0
008 260507b1997 fi a|||| |||| 00| 0 spa d
020 _a9511150863
040 _aICI
_bspa
_cICI
041 _aspa
050 4 _aDL1032
_bK5518
100 1 _aKlinge, Matti,
_eautor
_933779
245 1 0 _aBreve historia de Finlandia /
_cMatti Klinge ; traduccion Ursula Ojanen, Joaquin Fernandez
264 _aFinlandia:
_bOtava,
_c1997
300 _a176 páginas :
_bilustraciones
650 4 _aFinlandia
_xHistoria
_933780
700 1 _aOjanen, Ursula,
_etraductor
_933781
700 1 _aFernandez, Joaquin,
_etraductor
_933782
700 1 _aLindfors, Sinikka,
_eDiseño
_933783
942 _2lcc
_cBK
_n1
999 _c13613
_d13613